| 000 | 01037nam0a22002891 4500 | ||
|---|---|---|---|
| 001 | rc\4080159 | ||
| 005 | 20130415154536.3 | ||
| 021 |
_aRU _b[52-26003] |
||
| 035 | _a(NLR Aleph) 008125435 | ||
| 090 |
_a9390161 _c9390161 |
||
| 100 | _a20130415d1952 |||y0rusy50 ca | ||
| 101 | 0 | _arus | |
| 102 | _aRU | ||
| 105 | _aak z ||||| | ||
| 200 | 1 |
_aОпыт организации хозяйственного расчета в бурении _fОбъединение "Куйбышевнефть" |
|
| 210 |
_aКуйбышев _cБ. и. _d1952 |
||
| 215 |
_a55 с., 4 л. форм. _cил. _d15 |
||
| 300 | _aСост. указаны на обороте тит. л. | ||
| 606 |
_aБуровые бригады _xХозрасчет _2psbo |
||
| 700 | 1 |
_aМашковский _bА. В. _4220 |
|
| 701 | 1 |
_aЛеплинский _bС. В. _4220 |
|
| 712 | 0 | 2 |
_a"Куйбышевнефть", об-ние _3RU\NLR\AUTH\8810005677 |
| 801 | 0 |
_aRU _bNLR _gpsbo |
|
| 801 | 1 |
_aRU _bELAR _2rusmarc |
|
| 852 |
_aNLR _jЭк40 Г-2/479 |
||
| 942 | _cBOOK | ||
| 980 | _aNB | ||